[Event "Kreuzberg Open"]
[Site "Berlin"]
[Date "2005.07.10"]
[Round "9"]
[White "Fleischer, Andy"]
[Black "Niehaus, Frank"]
[Result "1-0"]
[WhiteElo "2056"]
[BlackElo "2252"]
[PlyCount "71"]
[EventDate "2005.07.??"]
[EventType "swiss"]
[EventRounds "9"]
[EventCountry "GER"]
[Source "SC Kreuzberg"]
[SourceDate "2005.07.24"]

1. f4 Nf6 2. e3 c5 3. Nf3 d5 4. d3 Bg4 5. Be2 Bxf3 6. Bxf3 Nc6 7. O-O e6 8. b3
Bd6 9. Bb2 O-O 10. g3 e5 11. Nd2 Re8 12. Bg2 Qd7 13. f5 Qe7 14. e4 dxe4 15.
Nxe4 Rad8 16. g4 Bc7 17. Kh1 Nxe4 18. Bxe4 Qh4 19. Qf3 Nd4 20. Qg2 Rd6 21. g5
h6 22. c3 Nc6 23. Bc1 hxg5 24. Bxg5 Qh8 25. Rf3 Kf8 26. Rg1 Bd8 27. Be3 Bb6 28.
Rh3 Qg8 29. Rg3 Ke7 30. Rxg7 Qh8 31. Bg5+ Kd7 32. Rxf7+ Kc8 33. Be3 Qh5 34. Rg7
Kb8 35. Qg4 Qh8 36. Rg8 1-0

[Event "Kreuzberg Open"]
[Site "Berlin"]
[Date "2005.07.10"]
[Round "9"]
[White "Bornschein, Burkhard"]
[Black "Jaeger, Andre"]
[Result "1/2-1/2"]
[WhiteElo "2009"]
[BlackElo "2153"]
[PlyCount "74"]
[EventDate "2005.07.??"]
[EventType "swiss"]
[EventRounds "9"]
[EventCountry "GER"]
[Source "SC Kreuzberg"]
[SourceDate "2005.07.24"]

1. d4 Nf6 2. c4 d6 3. Nc3 Nbd7 4. e4 e5 5. Be3 c6 6. d5 Be7 7. f3 O-O 8. Nh3
cxd5 9. cxd5 Nb6 10. Nf2 Bd7 11. b3 Rc8 12. Rc1 h6 13. Qd2 Nh7 14. Bd3 Bg5 15.
Bxg5 Qxg5 16. Qxg5 Nxg5 17. Kd2 a6 18. Ne2 g6 19. Rxc8 Rxc8 20. Rc1 Kg7 21. h4
Nh7 22. g4 Rxc1 23. Nxc1 Nf6 24. Ne2 Ne8 25. Ng3 Nc7 26. a4 a5 27. Nd1 Nc8 28.
Ne3 Kf6 29. Nc4 b6 30. Ne2 Ke7 31. Nc3 Ne8 32. Ke3 Kd8 33. Na3 Na7 34. Ncb5
Nxb5 35. Bxb5 Bxb5 36. Nxb5 Kd7 37. Na7 Nf6 1/2-1/2

[Event "Kreuzberg Open"]
[Site "Berlin"]
[Date "2005.07.10"]
[Round "9"]
[White "Kaphle, Stephan"]
[Black "Fietz, Harald"]
[Result "1-0"]
[WhiteElo "1980"]
[BlackElo "2126"]
[PlyCount "53"]
[EventDate "2005.07.??"]
[EventType "swiss"]
[EventRounds "9"]
[EventCountry "GER"]
[Source "SC Kreuzberg"]
[SourceDate "2005.07.24"]

1. e4 g6 2. d4 Bg7 3. Nc3 d6 4. Be3 a6 5. Qd2 Nd7 6. O-O-O b5 7. f3 Nb6 8. Re1
b4 9. Nd1 a5 10. g4 h5 11. Nf2 Ba6 12. Bxa6 Rxa6 13. Qd3 Qa8 14. Ne2 Nf6 15. g5
Nfd7 16. f4 c5 17. f5 c4 18. Qd2 gxf5 19. exf5 Nd5 20. Ne4 c3 21. bxc3 bxc3 22.
N2xc3 Nxe3 23. Qxe3 O-O 24. f6 exf6 25. gxf6 Nxf6 26. Nxf6+ Bxf6 27. Qh6 1-0